000 00536nam a2200205Ia 4500
005 20250508170041.0
008 008 250505s9999 xx 000 0 eng d
037 _aTextual
040 _aFEDL
_beng
_cFEDL
041 _aeng
_2eng
084 _a370.1, KRI/R
_qFEDL
100 _aPatwardhan Sunanda Ed.
_972499
245 0 _aNature of dialogue
260 _c1991
300 _a135p.
365 _aINR
_b60
546 _aGifted by prof. Bhartaya Baveja
942 _cTEXL
_h370.1, KRI/R
999 _c1398936
_d1398936